Most Muslim Countries - Statistics

General Stats
  • This quiz has been taken 34 times
  • The average score is 15 of 17
Answer Stats
Country % Correct
Iran
97%
Iraq
97%
Saudi Arabia
97%
Yemen
94%
Morocco
91%
Afghanistan
88%
Algeria
88%
Kuwait
88%
Libya
88%
Tunisia
88%
Pakistan
84%
Somalia
84%
Sudan
84%
Turkey
84%
Mauritania
81%
Maldives
66%
Comoros
56%
No matching quizzes found
Score Distribution
Percent of People with Each Score
Percentile by Number Answered
Your Score History
You have not taken this quiz